000
00271nam a2200097Ia 4500
008
230508s2005 xx 000 0 und d
041
_a
eng
100
_a
JOSHI MADHURI
245
_a
ELECTRONICS COMPONTS AND MATERIAL 3RD EDITION
260
_b
SHROFF PUBLI.AND DIS
_c
2005
_g
2005
999
_c
730963
_d
730963